Statistics for State Quiz - Jefferson

Click here to take the quiz!

General Stats

  • This quiz has been taken 43 times
    (28 since last reset)
  • The average score is 12 of 20

Answer Stats

HintAnswer% Correct
States that Jefferson formed fromCalifornia
86%
States that Jefferson formed fromOregon
86%
Discovered at Sutter's Mill in 1848Gold
82%
National Park home to the world's tallest treeRedwood
82%
Largest coastal cityEureka
73%
Large lake on the border of NevadaLake Tahoe
73%
Third oldest National Park in the USYosemite
73%
Mountain range of the aboveCascades
68%
Tallest mountainMount Shasta
68%
Other major mountain rangeSierra Nevadas
68%
Deepest lake in the United StatesCrater Lake
64%
Most populous cityModesto
64%
The Patterson-Gimlin film depicted this creatureBigfoot
59%
Party of pioneers that resorted to cannibalismDonner
55%
Second largest metropolitan areaMedford
55%
Proposed capital in 1941Yreka
55%
City destroyed in the 2018 Camp FireParadise
41%
Director that filmed American Graffiti about his hometownGeorge Lucas
36%
County in a Mark Twain book about a jumping frogCalaveras
27%
Tallest dam in America{Oroville} Dam
27%

Score Distribution

Percentile by Number Answered

Percent of People with Each Score

Your Score History

You have not taken this quiz since the last reset